ARRUPE JESUIT UNIVERSITY

CORONAVIRUS -STOP THE SPREAD - CLEAN,DISINFECT,COVER

To be the church : (Record no. 128569)

MARC details
000 -LEADER
fixed length control field 00836cam a22002657a 4500
001 - CONTROL NUMBER
control field 4045081
003 - CONTROL NUMBER IDENTIFIER
control field ARRUPE
005 - DATE AND TIME OF LATEST TRANSACTION
control field 20181115090359.0
008 - FIXED-LENGTH DATA ELEMENTS--GENERAL INFORMATION
fixed length control field 981207s1997 sz 000 0 eng d
010 ## - LIBRARY OF CONGRESS CONTROL NUMBER
LC control number 98228310
020 ## - INTERNATIONAL STANDARD BOOK NUMBER
International Standard Book Number 2825412112
035 ## - SYSTEM CONTROL NUMBER
System control number (OCoLC)37821247
040 ## - CATALOGING SOURCE
Original cataloging agency KPS
Transcribing agency KPS
Modifying agency DLC
042 ## - AUTHENTICATION CODE
Authentication code lccopycat
050 00 - LIBRARY OF CONGRESS CALL NUMBER
Classification number BX8.2.R159
300 ## - PHYSICAL DESCRIPTION
Dimensions 22 cm.
100 1# - MAIN ENTRY--PERSONAL NAME
Personal name Raiser, Konrad,
Dates associated with a name 1938-
9 (RLIN) 43455
245 10 - TITLE STATEMENT
Title To be the church :
Remainder of title challenges and hopes for a new millennium /
Statement of responsibility, etc Conrad Raiser.
260 ## - PUBLICATION, DISTRIBUTION, ETC. (IMPRINT)
Place of publication, distribution, etc Geneva :
Name of publisher, distributor, etc WCC Publications,
Date of publication, distribution, etc c1997.
300 ## - PHYSICAL DESCRIPTION
Extent xi, 74 p. ;
440 #0 - SERIES STATEMENT/ADDED ENTRY--TITLE
Title Risk book series ;
Volume number/sequential designation no. 78
9 (RLIN) 30164
650 ## - SUBJECT ADDED ENTRY--TOPICAL TERM
Topical term or geographic name as entry element Church unity
9 (RLIN) 43456
906 ## - LOCAL DATA ELEMENT F, LDF (RLIN)
a 7
b cbc
c copycat
d 4
e ncip
f 19
g y-gencatlg
942 ## - ADDED ENTRY ELEMENTS (KOHA)
Source of classification or shelving scheme Library of Congress Classification
Koha item type Monograph ( Printed materials)
Holdings
Withdrawn status Lost status Source of classification or shelving scheme Damaged status Not for loan Collection code Home library Current library Shelving location Date acquired Total Checkouts Full call number Barcode Date last seen Price effective from Koha item type
    Library of Congress Classification     Main Collection ARRUPE LIBRARY ARRUPE LIBRARY Main Collection 15/11/2018   BX8.2.R159 46600002552 15/11/2018 15/11/2018 Monograph ( Printed materials)

 

Arrupe Library. PO Box MP320 Mt Pleasant, Harare, Zimbabwe
263 242 745411|librarian@aju.ac.zw